| 000 | 00711nam a2200217 a 4500 | ||
|---|---|---|---|
| 001 | 9076 | ||
| 003 | CO-ViMGA | ||
| 008 | 141112s2004 ck r 000 u spa d | ||
| 020 | _a9589578004 | ||
| 040 |
_aCO-ViMGA _bspa _cCO-ViMGA |
||
| 082 | 0 | 4 | _a622.38 M65m |
| 100 | 1 |
_aMONCADA, RODRIGO _99380 |
|
| 245 | 1 | 0 |
_aEL MUNDO MARAVILLOSO DE LA ESMERALDA COLOMBIANA : _bTHE REMARKABLE WORLD OF THE COLOMBIAN EMERALD |
| 260 |
_aBogotá, _cPHOT WORLD PRESS - EDITORES, _c1995 |
||
| 300 | _a131 p, il, 24 cm | ||
| 650 | 1 | 4 |
_aEsmeraldas - Colombia _99381 |
| 650 | 1 | 4 |
_aIndustria y Comercio - Esmeraldas - Colombia _99382 |
| 650 | 1 | 4 |
_aMinas de Esmeraldas - Colombia _99383 |
| 650 | 1 | 4 |
_aQuinn, Tom _99384 |
| 942 |
_2ddc _cBK |
||
| 999 |
_c20638 _d20638 |
||